| 000 | 00695nam a2200229 i 4500 | ||
|---|---|---|---|
| 001 | bgj | ||
| 100 | 1 |
_aDOUGLASS, Frederick _d(1818-1895). |
|
| 245 | 1 | 0 |
_aNarrative of the life of Frederick Douglass : _ban American slave written by himself / _cFrederick Douglass. |
| 260 |
_aNew York : _bNew American Library, _c1968. |
||
| 300 |
_aXVIII, 126 pp ; _c18 cm. |
||
| 490 | 1 | _aA Signet book | |
| 600 | 1 | 9 | _aDouglass, Frederick, 1818-1895 |
| 650 | 9 | _aAfrican American abolitionists | |
| 651 | 9 | _aUnited States | |
| 651 | 9 | _aUnited States | |
| 655 | _aBiographies | ||
| 830 | _aA Signet book | ||
| 040 | _cBPK | ||
| 041 | 0 | _aeng | |
| 942 | _cKS | ||
| 008 | s uk f |000 0 eng | ||
| 999 |
_c48717 _d48717 |
||
| 856 |
_uhttp://koha.tu.koszalin.pl/cgi-bin/koha/opac-detail.pl?biblionumber=48717 _yKatalog online BPK |
||